Responses for Show #3825 - Friday, March 30, 2001

Bob Fleenor game 3.

Contestants

[<< previous game]

Betty Cohn, an administrative assistant from New York City, New York

Sean Burton, a telecommunications manager from Reston, Virginia

Bob Fleenor, a newspaper copy editor from Martinsburg, West Virginia (whose 2-day cash winnings total $22,900)

[next game >>]

Jeopardy! Round responses

BHUTAN OR BUST!
"M" & EMMYS
WHAT'S COOKIN'?
THE ANIMAL KINGDOM
2001 CARS
CHANGE THE VOWEL
(Alex: Each correct response will consist of 2 words that are very similar, but all you have to do is change the vowel in one of those words to come up with the other one.)
    $100 12
Himalayas

Betty
    $100 1
M*A*S*H

Bob
    $100 13
Fajitas

Sean
    $100 3
Antlers

Betty
    $100 19
Explorer

Bob
    $100 4
King Kong

Bob
    $200 14
(S: What is a theocracy?)

Monarchy

SeanBetty
    $200 2
Lady Macbeth

Betty
    $200 15
Corned beef

Sean
    $200 8
Leaves

Triple Stumper
    $200 20
BMW

Betty
    $200 5
Tic Tac

Sean
    $300 21
Buddhism

Sean
    $500 28
Meet The Press

Bob
    $300 16
Wolfgang Puck

Sean
    $300 9
Elephants

Betty
    $300 22
Chrysler

Bob
    $300 6
tick-tock

Bob
    $400 26
The dragon

Sean
    $400 29
Rue McClanahan

Sean
    $400 17
Squab

Sean
    $400 10
Silverback

Sean
    $400 23
(S: What is Honda?)

Toyota

Sean
Triple Stumper
    $400 7
(S: What is Ho Ho?)

Ding dong

SeanBetty
    $500 27
(S: What is China?)

India

BobSean
    $500 30
Jim McKay

Bob
    $500 18
Navy bean soup

Triple Stumper
    $500 11
(Bob: What is the lute?)

Lyre bird (tails going up as a lyre)

Bob
Triple Stumper
    $500 24
(Bob: What is an independent front suspension system?)

MacPherson front suspension system

Bob
Triple Stumper
    $500 25
Jingle jangle jingle

Betty

Scores at the first commercial break (after clue 15):

Bob Sean Betty
$0 $300 $1,300

Scores at the end of the Jeopardy! Round:

Bob Sean Betty
$1,400 $1,200 $2,000

Double Jeopardy! Round responses

PULITZER PRIZE-WINNING AUTHORS
SKIN CARE
FAMOUS JESSICAS
25 YEARS AGO - 1976
ALL THAT JAZZ
ENDS IN "EE"
    $200 4
John Updike

Bob
    $200 19
(Betty: What are nerves?)
(Sean: What are pores?)

muscles

SeanBetty
Triple Stumper
    $200 9
Jessica Alba

Sean
    $200 1
(Sean: What is the ABL?)

ABA (American Basketball Association)

BobSean
    $200 6
(Sean: Who is Louis Armstrong?)
(Bob: Who is Coltrane?)

Charlie Parker

BobSean
Triple Stumper
    $200 16
degree

Bob
    $400 5
James Michener

Betty
    $400 27
peel

Betty
    $400 10
Jessica Simpson

Sean
    $400 2
Smokey

Bob
    $400 7
Ella Fitzgerald

Betty
    $400 17
repartee

Sean
    $600 22
William Faulkner

Bob
    $600 28
"Melanoma Monday"

Betty
    $600 11
Jessica Lange

Betty
    $600 3
Bob Woodward & Carl Bernstein

Sean
    $600 8
(Betty: What is Sophisticated Ladies?)
...
(Alex: We were going for the composer, not the title of the show.)

Duke Ellington

BobBetty
    $600 18
at Wounded Knee

Betty
    $800 23
John Hersey

Bob
    $800 29
[The end-of-round signal sounds.]

300 minutes/5 hours

Bob
    $1,000 14
Jessica Tandy

Bob
    $800 25
(Alex: ...minute to go.)

Louise Lasser

Bob
    $800 12
Dizzy Gillespie

Bob
    $800 20
Tuskegee

Sean
    $1000 24
(Betty: Sorry.)

Allen Drury

BobBetty
    $1000 15
Jessica Savitch

Bob
    $500 26
(Alex: He died in 1826.)

Thomas Jefferson

Bob
    $1000 13
Thelonious Monk

Triple Stumper
    $1000 21
Clement Attlee

Sean

Scores at the end of the Double Jeopardy! Round:

Bob Sean Betty
$10,100 $4,000 $3,200
(lock game)

[wagering suggestions for these scores]

Final Jeopardy! Round responses

CARTOON CHARACTERS
BettyWho is Betty Boop!
$200
SeanWho is Jessica Rabbit?
$2,500
BobWho is Betty Boop?
$100
Betty Boop (based on Helen Kane)

Final scores:

Bob Sean Betty
$10,200 $1,500 $3,400
3-day champion: $33,100 3rd place: Eagle Creek travel gear gift certificate 2nd place: a trip to Smugglers' Notch, Vermont

Game dynamics:

Coryat scores:

Bob Sean Betty
$10,200 $4,000 $3,200
22 R
(including 3 DDs),
3 W
15 R,
7 W
14 R,
3 W

Combined Coryat: $17,400

[game clues] [game scores] [suggest correction]

Game tape date: 2000-12-12
The J! Archive is created by fans, for fans. Scraping, republication, monetization, and malicious use prohibited; this site may use cookies and collect identifying information. See terms. The Jeopardy! game show and all elements thereof, including but not limited to copyright and trademark thereto, are the property of Jeopardy Productions, Inc. and are protected under law. This website is not affiliated with, sponsored by, or operated by Jeopardy Productions, Inc. Join the discussion at JBoard.tv.